A manual of ethics (Record no. 1321713)

MARC details
000 -LEADER
fixed length control field 00536nam a2200205Ia 4500
005 - DATE AND TIME OF LATEST TRANSACTION
control field 20260415160328.0
008 - FIXED-LENGTH DATA ELEMENTS--GENERAL INFORMATION
fixed length control field 008 250505s9999 xx 000 0 eng d
037 ## - SOURCE OF ACQUISITION
Stock number Textual
040 ## - CATALOGING SOURCE
Original cataloging agency FEDL
Language of cataloging eng
Transcribing agency FEDL
041 ## - LANGUAGE CODE
Language code of text/sound track or separate title eng
Source of code eng
084 ## - COLON CLASSIFICATION NUMBER
Classification number 170 TRI
Assigning agency FEDL
100 ## - MAIN ENTRY--PERSONAL NAME
Personal name Trivedi A.K.
9 (RLIN) 755669
245 #2 - TITLE STATEMENT
Title A manual of ethics
250 ## - EDITION STATEMENT
Edition statement 2nd
260 ## - PUBLICATION, DISTRIBUTION, ETC.
Place of publication, distribution, etc. Bombay, India
Name of publisher, distributor, etc. The Popular Book Depot
300 ## - PHYSICAL DESCRIPTION
Extent 227p.
650 ## - SUBJECT ADDED ENTRY--TOPICAL TERM
Topical term or geographic name entry element Ethics
942 ## - ADDED ENTRY ELEMENTS (KOHA)
Koha item type Textual
Classification part 170 TRI
Holdings
Withdrawn status Lost status Damaged status Not for loan Home library Current library Date acquired Total Checkouts Full call number Barcode Date last seen Price effective from Koha item type
        Department of Education Library Department of Education Library 2025-05-08   170 TRI EL0000371 2025-05-08 2025-05-08 Textual
Copyright @ Delhi University Library System